Seeking a new lease of life (Record no. 71776)
[ view plain ]
| 000 -LEADER | |
|---|---|
| fixed length control field | 01340cam a2200241 4500 |
| 001 - CONTROL NUMBER | |
| control field | ABS66270 |
| 008 - FIXED-LENGTH DATA ELEMENTS--GENERAL INFORMATION | |
| fixed length control field | 021217n2002 000 0 eng u |
| 035 ## - SYSTEM CONTROL NUMBER | |
| System control number | (Sirsi) u120790 |
| 100 ## - MAIN ENTRY--PERSONAL NAME | |
| Personal name | Pollard, A |
| 245 ## - TITLE STATEMENT | |
| Title | Seeking a new lease of life |
| 260 ## - PUBLICATION, DISTRIBUTION, ETC. | |
| Date of publication, distribution, etc. | 2002 |
| 490 ## - SERIES STATEMENT | |
| Series statement | Property Week |
| Volume/sequential designation | 43(66) 15 November 2002, 40(1) |
| 520 ## - SUMMARY, ETC. | |
| Summary, etc. | Looks at "Homebase Ltd v Allied Dunbar Assurance plc" where a dispute has arisen regarding subletting. Homebase wishes to take their case to tthe House of Lords, concerning Allied Dunbar's obligations on subletting and Homebase's attempt to sublet on terms which appear to satisfy the conditions of the subletting covernant by way of a side-agreement or collateral deed. Under the new "Code of practice for commercial leases", an alternative form of lease which may be priced on a risk-adjustment basis, may be offered. Concludes that landlords must carefully consider refusals to sublet as tenants who lose opportunities to dispose of their interest may be more ready to seek damages. |
| 590 ## - LOCAL NOTE (RLIN) | |
| Local note | ABS |
| 650 ## - SUBJECT ADDED ENTRY--TOPICAL TERM | |
| Topical term or geographic name entry element | HOMEBASE LTD AND ANOTHER V ALLIED DUNBAR ASSURANCE PLC |
| 650 ## - SUBJECT ADDED ENTRY--TOPICAL TERM | |
| Topical term or geographic name entry element | SUBLETTING |
| 650 ## - SUBJECT ADDED ENTRY--TOPICAL TERM | |
| Topical term or geographic name entry element | LANDLORD AND TENANT ACT 1988 |
| 650 ## - SUBJECT ADDED ENTRY--TOPICAL TERM | |
| Topical term or geographic name entry element | COMMERCIAL LEASES |
| 650 ## - SUBJECT ADDED ENTRY--TOPICAL TERM | |
| Topical term or geographic name entry element | COLLATERAL DEEDS |
| 650 ## - SUBJECT ADDED ENTRY--TOPICAL TERM | |
| Topical term or geographic name entry element | SIDE AGREEMENTS |
| 690 ## - LOCAL SUBJECT ADDED ENTRY--TOPICAL TERM (OCLC, RLIN) | |
| Topical term or geographic name as entry element | LANDLORD AND TENANT-LEASES |
| 942 ## - ADDED ENTRY ELEMENTS (KOHA) | |
| Suppress in OPAC | 0 |
| Withdrawn status | Lost status | Source of classification or shelving scheme | Damaged status | Not for loan | Home library | Current library | Shelving location | Date acquired | Total Checkouts | Full call number | Barcode | Date last seen | Copy number | Price effective from | Koha item type |
|---|---|---|---|---|---|---|---|---|---|---|---|---|---|---|---|
| Dewey Decimal Classification | London | London | Journal article | 17/12/2002 | ABS66270 | 120790-1001 | 06/08/2019 | 1 | 06/08/2019 | Journal article |